Statistics for K-Pop Songs With English Lyrics

Click here to take the quiz!

General Stats

  • This quiz has been taken 42 times
  • The average score is 3 of 15

Answer Stats

English LinesAnswer% Correct
But why we're still looking for loveBLACKPINK - Lovesick Girls
71%
She showed me all the stars(G)IDLE - Oh My God
50%
Rain be pouring, sky keep falling everydayBTS - ON
47%
But it's you. You're the one that I wantTXT - Blue Hour
38%
Never stop keep breaking out. Still working all the timeNCT U - Make A Wish
18%
Hey, now we'll be okayRed Velvet - Psycho
18%
I'm really trying to make you seeChungha - Gotta Go
15%
So don't slow it up for meEXO - Tempo
12%
You are gonna be mine again, yeahTWICE - More & More
12%
My heart is beating for you. No more fairytaleGFRIEND - MAGO
9%
No matter if you love me of hate meITZY - WANNABE
9%
You got me jumping like a crazy clownMAMAMOO - AYA
9%
I can't stop the feeling (oh, my!) I can't stop the feeling, feelingSEVENTEEN - Home;Run
9%
I'm sure you're gonna say "my gosh"IU - BBIBBI
6%
I know you in my heartINFINITE - Tell Me
0%

Score Distribution

Percentile by Number Answered

Percent of People with Each Score

Your Score History

You have not taken this quiz